Терроризм и противодействие террору; Экология и безопасность в техносфере: современные проблемы и пути решения

Dades bibliogràfiques
Parent link:Экология и безопасность в техносфере: современные проблемы и пути решения.— 2013.— [С. 382-383]
Autor principal: Тюленева Т. В.
Autor corporatiu: Национальный исследовательский Томский политехнический университет (ТПУ) Юргинский технологический институт (филиал) (ЮТИ) Кафедра безопасности жизнедеятельности, экологии и физического воспитания (БЖДЭФВ)
Altres autors: Торосян Е. С. Елена Самвеловна (научный руководитель)
Sumari:Заглавие с экрана
Idioma:rus
Publicat: 2013
Col·lecció:Современные технологии ликвидации ЧС и техническое обеспечение аварийно-спасательных работ
Matèries:
Accés en línia:http://www.lib.tpu.ru/fulltext/c/2013/C52/122.pdf
Format: MixedMaterials Electrònic Capítol de llibre
KOHA link:https://koha.lib.tpu.ru/cgi-bin/koha/opac-detail.pl?biblionumber=605087

MARC

LEADER 00000naa2a2200000 4500
001 605087
005 20260220162725.0
035 |a (RuTPU)RU\TPU\conf\2372 
035 |a RU\TPU\conf\2368 
090 |a 605087 
100 |a 20140401d2013 k y0rusy50 ca 
101 0 |a rus 
102 |a RU 
135 |a drcn ---uucaa 
181 0 |a i  
182 0 |a b 
200 1 |a Терроризм и противодействие террору  |f Т. В. Тюленева  |g науч. рук. Е. С. Торосян 
203 |a Текст  |c электронный 
215 |a 1 файл(228 Кб) 
225 1 |a Современные технологии ликвидации ЧС и техническое обеспечение аварийно-спасательных работ 
300 |a Заглавие с экрана 
320 |a [Библиогр.: с. 383 (3 назв.)] 
337 |a Adobe Reader 
463 1 |0 (RuTPU)RU\TPU\conf\1010  |t Экология и безопасность в техносфере: современные проблемы и пути решения  |o сборник трудов Всероссийской научно-практической конференции, г. Томск, 27-28 ноября 2013 г.  |f Национальный исследовательский Томский политехнический университет (ТПУ), Юргинский технологический институт (ЮТИ) ; под ред. В. М. Гришагина и др.  |v [С. 382-383]  |d 2013 
610 1 |a электронный ресурс 
610 1 |a труды учёных ТПУ 
610 1 |a терроризм 
610 1 |a противодействие 
700 1 |a Тюленева  |b Т. В. 
702 1 |a Торосян  |b Е. С.  |c специалист в области экологии и безопасности жизнедеятельности  |c ассистент Юргинский технологический институт (филиал) Томского политехнического университета  |f 1981-  |g Елена Самвеловна  |4 727 
712 0 2 |a Национальный исследовательский Томский политехнический университет (ТПУ)  |b Юргинский технологический институт (филиал) (ЮТИ)  |b Кафедра безопасности жизнедеятельности, экологии и физического воспитания (БЖДЭФВ)  |3 (RuTPU)RU\TPU\col\18930 
801 1 |a RU  |b 63413507  |c 20101016 
801 2 |a RU  |b 63413507  |c 20140401  |g RCR 
856 4 |u http://www.lib.tpu.ru/fulltext/c/2013/C52/122.pdf 
942 |c CF